| 000 | 00860nam a2200193Ia 4500 | ||
|---|---|---|---|
| 008 | 151121s9999||||xx |||||||||||||| ||und|| | ||
| 082 | _a030/अत्रे | ||
| 082 | _bHNW-51866 | ||
| 100 | _aअत्रे सुप्रिया | ||
| 245 | _aमहाराष्ट्र दर्शन -8 तीर्थक्षेत्र-दर्शन | ||
| 260 | _b"अतुल बुक एजन्सी प्रकाशन, पुणे।" | ||
| 260 | _c-- | ||
| 300 | _a57 | ||
| 600 | _aअत्रे सुप्रिया | ||
| 630 | _aमहाराष्ट्र दर्शन -8 तीर्थक्षेत्र-दर्शन | ||
| 700 | _aअत्रे सुप्रिया | ||
| 730 | _aमहाराष्ट्र दर्शन -8 तीर्थक्षेत्र-दर्शन | ||
| 942 | _cBOOK | ||
| 999 |
_c1236122 _d1236119 |
||